Univerzity a ich rozvoj v súčasnom svete
Vývoj univerzít v čase. V súčasnosti sa dominantnou stáva koncepcia trhovo orientovanej univerzity, založenej na znalostnom trojuholníku (vzdelávanie - výskum - inovácie).
Salvato in:
| Autore principale: | |
|---|---|
| Natura: | Capitolo di libro |
| Lingua: | inglese |
| Soggetti: | |
| Tags: |
Nessun Tag, puoi essere il primo ad aggiungerne!!
|
MARC
| LEADER | 00000naa$a2200000$$$4500 | ||
|---|---|---|---|
| 001 | 0193615 | ||
| 005 | 20240502083450.0 | ||
| 041 | 0 | |a eng | |
| 044 | |a PL | ||
| 245 | 1 | 0 | |a Univerzity a ich rozvoj v súčasnom svete |c Vladimír Gonda |
| 520 | |a Vývoj univerzít v čase. V súčasnosti sa dominantnou stáva koncepcia trhovo orientovanej univerzity, založenej na znalostnom trojuholníku (vzdelávanie - výskum - inovácie). | ||
| 610 | 2 | 0 | |a univerzity |
| 610 | 2 | 0 | |a vzdelávanie |
| 100 | 1 | |a Gonda, Vladimír | |